Pangaea Continents Map Quiz - Statistics

General Stats
  • This quiz has been taken 334 times
    317 since last reset
  • The average score is 5 of 6
Answers on the Map
Answers color-coded by a green-red scale on the quiz's map according to % correct below.
 
Answer Stats
Answer % Correct
Africa
92%
North America
91%
Eurasia
88%
South America
88%
Oceania
85%
Antarctica
76%
No matching quizzes found
Score Distribution
Percent of People with Each Score
Percentile by Number Answered
Your Score History
You have not taken this quiz since the last reset